|
|
|
|
| LEADER |
01045nam a2200277 a 4500 |
| 001 |
000579082 |
| 003 |
CZ BrMZK |
| 005 |
20011126065931.0 |
| 008 |
011122s1964 xr f cze d |
| 040 |
|
|
|a BOA001
|c ze
|d BOA001
|
| 080 |
|
|
|a 629.113.001.1
|2 MRF
|
| 100 |
1 |
|
|a Kovařík, Jaroslav,
|d 1917-1997
|7 jk01062498
|4 aut
|
| 245 |
1 |
0 |
|a Mechanika motorových vozidel :
|b určeno pro posl. fak. strojní /
|c Jaroslav Kovařík
|
| 250 |
|
|
|a 1. vyd.
|
| 260 |
|
|
|a Praha :
|b Státní nakladatelství technické literatury,
|c 1964
|
| 300 |
|
|
|a 142 s. ;
|c 4°
|
| 490 |
1 |
|
|a Učební texty vysokých škol
|
| 500 |
|
|
|a S obr. a grafy v textu
|
| 500 |
|
|
|a Vyd. Vysoké učení technické v Brně
|
| 500 |
|
|
|a Přehl. lit.
|
| 710 |
2 |
|
|a Vysoké učení technické v Brně
|7 kn20010709205
|
| 830 |
|
0 |
|a Učební texty vysokých škol
|
| 910 |
|
|
|a BOA001
|b TK-A-0121.157
|
| 964 |
|
|
|a Vozidla motorová - mechanika - učebnice vysokoškol.
|
| 990 |
|
|
|a BK
|
| 996 |
7 |
|
|b 2629972467
|c TK-A-0121.157
|l MZK
|r Sklad / do 24 hodin
|n 1
|w 000579082
|u 000010
|a 1
|e BOA001
|j MZK50
|s A
|